000
00283nam a22001217a 4500
008
150813t xxu||||| |||| 00| 0 eng d
020
_a
81-203-2674-1
082
_a
630
100
_a
H.S. Chaube
_9
1026
245
_a
Crop Diseases and their management
300
_a
703
942
_2
ddc
_c
BK
999
_c
17296
_d
17296